Flag-State Matching Quiz #2 - Sudden Death - Statistics

General Stats
  • This quiz has been taken 186 times
  • The average score is 5 of 13
Answers on the Grid
Answers color-coded by a green-red scale on the quiz's grid according to % correct below.
Oklahoma
Colorado
Maine
Alabama
Florida
Kentucky
Massachusetts
West Virginia
Kansas
Georgia
Ohio
Tennessee
Michigan
Washington
Missouri
Nebraska
Mississippi
New Jersey
Pennsylvania
North Dakota
Wisconsin
Wyoming
Connecticut
South Dakota
Idaho
 
Answer Stats
Answer % Correct
Ohio
67%
Colorado
61%
Washington
56%
Wyoming
56%
Mississippi
39%
Oklahoma
34%
Pennsylvania
32%
New Jersey
31%
Missouri
30%
Wisconsin
29%
Kentucky
26%
Idaho
25%
Connecticut
24%
No matching quizzes found
Score Distribution
Percent of People with Each Score
Percentile by Number Answered
Your Score History
You have not taken this quiz